Ruské odborné texty pro studující speciální pedagogiky

Bibliographic Details
Main Author: Ovsjanikov, Georgij (Author)
Format: Book
Language:Undetermined
PhysicalDescription:288 s.
Published: Praha Státní pedagogické nakladatelství 1971

MARC

LEADER 00000nam a2200000 a 4500
001 vtls001288700
003 SK-MaSNL
005 20260416164844.0
008 240315s1971 xx 0 und
035 |a SNK000240302 
040 |a SNK  |b slo  |c SNK  |e AACR2 
100 1 |a Ovsjanikov, Georgij  |4 aut  |9 382828 
245 1 |a Ruské odborné texty pro studující speciální pedagogiky 
260 |a Praha  |b Státní pedagogické nakladatelství  |c 1971 
300 |a 288 s. 
958 |a OND 
999 |c 628608  |d 630538 
952 |t P60, <04>, [BOOK], {604}  |a SNK  |b SNK  |y VYP  |7 0  |p 17A0068899  |o snkIB 25215 D1  |0 0  |1 1  |4 0  |d 1997-05-28  |l 0  |r 2005-01-02 00:00:00  |w 2026-02-23